comparison of bok choy ( Brassica rapa ) varieties on growth and yield at royal university of agriculture ការប្រៀបធៀបពូជតឿលើការលូតលាស់ និង​ ទិន្នផលនៅក្នងសកលវិទ្យាល័យភូមិន្ទកសិកម្ម (Record no. 17963)

000 -LEADER
fixed length control field 00707nam a22001577a 4500
003 - CONTROL NUMBER IDENTIFIER
control field OSt
005 - DATE AND TIME OF LATEST TRANSACTION
control field 20190712155224.0
008 - FIXED-LENGTH DATA ELEMENTS--GENERAL INFORMATION
fixed length control field 190712b xxu||||| |||| 00| 0 eng d
040 ## - CATALOGING SOURCE
Transcribing agency RUA
082 ## - DEWEY DECIMAL CLASSIFICATION NUMBER
Classification number AGR CHU 2017 B633 Or.1
100 ## - MAIN ENTRY--PERSONAL NAME
9 (RLIN) 13629
Personal name CHUM SOPHEA ជុំ សុភា
245 ## - TITLE STATEMENT
Title comparison of bok choy ( Brassica rapa ) varieties on growth and yield at royal university of agriculture ការប្រៀបធៀបពូជតឿលើការលូតលាស់ និង​ ទិន្នផលនៅក្នងសកលវិទ្យាល័យភូមិន្ទកសិកម្ម
260 ## - PUBLICATION, DISTRIBUTION, ETC. (IMPRINT)
Place of publication, distribution, etc. RUA
Name of publisher, distributor, etc. phnom penh
Date of publication, distribution, etc. 2017
300 ## - PHYSICAL DESCRIPTION
Extent xi;40p
Other physical details ill;
Dimensions 29cm
942 ## - ADDED ENTRY ELEMENTS (KOHA)
Source of classification or shelving scheme
Koha item type AGR
Holdings
Price effective from Date last seen Permanent Location Not for loan Date acquired Source of classification or shelving scheme Koha item type Lost status Withdrawn status Total Renewals Date last checked out Total Checkouts Shelving location Damaged status Barcode Current Location Full call number
2019-07-122019-07-12Library Block B 2019-07-12 AGR     B633 A44332Library Block BAGR CHU 2017 B633 Or.1
2019-07-122019-07-12Library Block B 2019-07-12 AGR     B633 A44488Library Block BAGR CHU 2017 B633 Or.2
2019-07-122019-10-21Library Block B 2019-07-12 AGR   2019-10-111B633 A45168Library Block BAGR CHU 2017 B633 Or.3
2019-07-122020-02-03Library Block B 2019-07-12 AGR  12020-02-012B633 A44413Library Block BAGR CHU 2017 B633 Or.4
2019-07-122019-07-12Library Block B 2019-07-12 AGR     B633 A45068Library Block BAGR CHU 2017 B633 Or.5
មជ្ឈមណ្ឌលឯការនៃសាកលវិទ្យាល័យភូមិន្ទកសិកម្មចំការដូង

Powered by Koha